000 01106nam a22002537a 4500
001 53855
003 BD-RjUL
005 20211209080031.0
008 161027s1953 bg ||||| |||| 00| 0 ben d
020 _c: TK 9.00
035 _a(BD-RjUL)53977
040 _aBD-RjUL
_bben
_cBD-RjUL
041 _aben
082 _223
_a509
_bALB 1952-1953
100 _aআলী, এম. আকবর
_9135995
245 1 0 _aবিজ্ঞানে মুসলমানের দান /
_cএম. আকবর আলী
250 _a২য় সং.
260 _aঢাকা :
_bমালিক লাইব্রেরী,
_c১৯৫২-১৯৫৩
300 _a খণ্ড ;
_c২১ সেমি.
505 0 _aখণ্ড ১, অঙ্কশাস্ত্র দশম শতাব্দী পর্যন্ত -- খণ্ড ২ অঙ্কশাস্ত্র -- খণ্ড ৩ অঙ্কশাস্ত্র-শেষ অধ্যায় --
650 _aইসলাম ও বিজ্ঞান
_9135996
650 _aIslam and science
_9135997
942 _2ddc
_cBK
999 _c53855
_d53855